00565nam a2200193Ia 450000500170000000800410001702000150005808200130007310000250008624500380011125000090014926000440015830000190020265000160022165000180023794200060025595200950026199900150035620240604032808.0240331s9999 xx 000 0 und d a9552100674 bGOOa346 aGoonesekera, Savitri 0aSri Lanka law on parent and child a1 st aColombobM.D. Gunasena & Co. LTD.c1987 aXliv, 509 p ., aFamily Law aLegal History cL 001040708LaWERCLbWERCLcSSCd2024-03-31l0o 346 GOOp1739r2024-03-31w2024-03-31yL c2843d2843